000 00788nam a22002417a 4500
003 UA-OsUOA
001 49601
007 ta
008 20140110b un ||||| |||| 00| 0 ukr d
090 _a082
_bЮ14
942 _cBK
040 _aUA-OsUOA
_bukr
_cUA-OsUOA
_dUA-OsUOA
245 _aЮвілей академика М.С. Грушевського (1866-1926)
300 _a142 с.
955 _a1
041 _aukr
080 _a082
260 _bВидання Ювілейного комітету
246 3 1 _aІ. Ювілейні засідання; ІІ. Привітання
650 7 _a08 Видання. Колективні праці
_2UDC
999 _c429725
_d429725